| 000 | 01163cad a22002175a 4500 | ||
|---|---|---|---|
| 001 | E150463 | ||
| 008 | 100716s2010 xxk f s000 0 eng d | ||
| 020 | _a9870755994830 | ||
| 035 | _a(Sirsi) u150463 | ||
| 041 | 0 | _aeng | |
| 110 | 2 |
_aScotland _bScottish Government _95344 |
|
| 245 | 0 | 0 |
_aHousehold formation in Scotland _bwhat does it mean for housing policy? _h[electronic resource] |
| 260 |
_a[Edinburgh] _bScottish Government _c2010 |
||
| 490 | 0 | _aAnalytical Paper Series | |
| 520 | _aLooks at the demographic factors that have affected household structure and formation, and discusses how these factors have changed over time. The information, taken from General Registrar for Scotland data, will then be used to inform future housing policy. Fcators considered include the increase in single-person households, decreases in the number of marriages and the increase in divorce. | ||
| 590 | _aKA | ||
| 651 | 4 |
_aScotland _y1999- |
|
| 690 | _aPROPERTY-RESIDENTIAL PROPERTY-DOMESTIC RESIDENTIAL PROPERTY-HOUSING | ||
| 856 | 4 | 0 |
_uhttps://www.scotland.gov.uk/Publications/2010/07/13084549/0 _zView the report free of charge at www.scotland.gov.uk |
| 942 | _n0 | ||
| 999 |
_c110883 _d110883 |
||